Mike Meyers' CompTIA A+ guide to managing and troubleshooting PCs lab manual (exams 220-701 & 220-702) (Record no. 17742)

MARC details
000 -LEADER
fixed length control field 00444nam a2200145Ia 4500
008 - FIXED-LENGTH DATA ELEMENTS--GENERAL INFORMATION
fixed length control field 230312s9999||||xx |||||||||||||| ||und||
020 ## - INTERNATIONAL STANDARD BOOK NUMBER
International Standard Book Number 9780646495637
082 ## - DEWEY DECIMAL CLASSIFICATION NUMBER
Classification number 338.470
Item number HAR-T
100 ## - MAIN ENTRY--PERSONAL NAME
Personal name Meyers,Mike
245 #0 - TITLE STATEMENT
Title Mike Meyers' CompTIA A+ guide to managing and troubleshooting PCs lab manual (exams 220-701 & 220-702)
260 ## - PUBLICATION, DISTRIBUTION, ETC.
Name of publisher, distributor, etc. Switzer
Place of publication, distribution, etc. Australia
Date of publication, distribution, etc. 2008
300 ## - PHYSICAL DESCRIPTION
Extent 204
650 ## - SUBJECT ADDED ENTRY--TOPICAL TERM
Topical term or geographic name entry element Computer
Form subdivision nformation technology
942 ## - ADDED ENTRY ELEMENTS (KOHA)
Koha item type BOOK
Holdings
Withdrawn status Lost status Source of classification or shelving scheme Damaged status Not for loan Home library Current library Date acquired Total Checkouts Full call number Barcode Date last seen Date last checked out Price effective from Koha item type
    Dewey Decimal Classification     Superior Information Resource Center (SIRC) Superior University- Gold Campus Superior Information Resource Center (SIRC) Superior University- Gold Campus 03/13/2023 1 338.470 HAR-T 18643 10/19/2023 10/12/2023 03/13/2023 BOOK

Powered by Koha